00943 2200301 4500001002100000005001500021035002000036007000300056008004100059020002200100040002200122082001400144084001600158100002100174245011500195250003700310300005000347650002500397700002500422850001200447264004200459336002100501337003000522338002300552999002200575090002200597990002200619INLIS00000000089028620240829123209 a0010-0824000849ta240829s2024 yoia g 0 0 0 ind d a978-623-515-165-6 aYOPDYOGbinderda04223a153.8 a153.8 KAR t0 aKarinePengarang10aTentang bersyukur dan berdamai dengan diri sendiri :bhati boleh rapuh, tapi kita harus tetap tangguh /cKarin aCetakkan Pertama: September 2024 avii, 120 halaman :biustrasi, gambar ;c20 cm 4aMotivasi (Psikologi)0 aAsa Rezaepenyunting aYOPDYOG31aBantul :bAnak Hebat Indonesia,c2024 2rdacontentateks 2rdamediaatanpa perantara 2rdacarrieravolume aCB-D.11/2024-2830 aCB-D.11 2024-2830 aCB-D.11/2024-2830